000 00919nam a2200241 a 4500
001 82932
003 BD-RjUL
005 20240204114555.0
008 240204s2019 bg a|||| m||| 00| 0 eng d
035 _a(BD-RjUL)82932
040 _aBD-RjUL
_beng
_cBD-RjUL
_dBD-RjUL
041 _aeng
082 _223
_a338.9
_bMOC 2019
100 _aMostafa, Md. Golam
245 1 0 _aContribution of Education to Economic Growth in Bangladesh :
_bAn Econometric Analysis /
_cMd. Golam Mostafa
_6Supervisor : Md. Abdul Wadud
260 _aRajshahi :
_bDepartment of Economics, University of Rajshahi,
_c2019
300 _axviii, 158 leaves
_bill.;
_c29 cm.
502 _aThesis(M.Phil.)-- Department of Economics, University of Rajshahi,2019
504 _aBibliography : Leaves 134-148
650 _aEconomic Growth
_xContribution of Education
_zBangladesh
_911406
700 _aWadud, Md. Abdul, Supervisor
_91289
942 _2ddc
_cTHE
999 _c82932
_d82932